000 00439nam a2200181Ia 4500
001 10360
005 20260306161826.0
008 260306t2001||||xx |||||||||||||| ||spa||
041 _aESP
082 _a921
_bM26
100 _aMariƔtegui, Javier
_eAUT
245 0 _aJuan Francisco Valega y la Lima de su tiempo
260 _c2001
300 _a200 pƔginas :
_c21 cm.
650 _aGEN
654 _aCHU
942 _cLIB
_dJUS
_fJUS
_2ddc
_n
999 _c10360
_d10360